000 00669nam a2200277Ia 4500
008 161027s9999||||xx |||||||||||||| ||und||
040 _cSanskrit
082 _aV
082 _bBORI-21155
100 _aShri Vishalmalishrma Uppadhya
245 _akarmakand -Bhaskar
260 _aMathura
260 _bVishal
260 _c1966
300 _cA
300 _eHardbound
530 _u000064853.pdf
563 _aText
600 _aShri Vishalmalishrma Uppadhya
630 _akarmakand -Bhaskar
650 _aDharmashastra
650 _aDharmashastra
700 _aShri Vishalmalishrma Uppadhya
730 _akarmakand -Bhaskar
942 _cBOOK
999 _c1400975
_d1400972